000 00301nam a22001457a 4500
008 230911b ||||| |||| 00| 0 eng d
020 _a0716717549
041 _aeng
080 _a61
082 _a61WOL
100 _a4
101 _aMJKP
245 _aTHE MIND'S EYE
_cWOLFE.M.J
942 _2udc
_cBK
999 _c60312
_d60312